000 01319nam2a22003011 4500
001 v19\rc\1497681
005 20250618161309.0
035 _a(NLR Aleph) 004625611
090 _a3098429
_c3098429
100 _a20060620d1882 |||y0rusy50 ca
101 0 _arus
102 _aRU
105 _ay z |||||
200 1 _aКарднование шерсти]
210 _d[1882]
_aБ. м.
215 _a8 с.
311 _aПрил. к журн. ... 1882 Т. 35 № 7/8
316 _aЭкз. РНБ (18.156.2.34): деф.: отсутствует тит. л. и обл.
_5NLR: 18.156.2.34
422 0 _12001#$aТехнический сборник$v1882, т. 35, № 7/8
_tТехнический сборник
461 0 _1001v19\rc\1497679
_12001#$aПрядение кардной шерсти$fСост. П. Волков. Ч. 1$v[Ч. 2
_1700#1$aВолков$bП.П.$f-1911$gПавел Петрович$4220
_93098406
_aВолков, П.П. (-1911)
_cСанкт-Петербург
_d1882
_fСост. П. Волков. Ч. 1
_nред. журн. "Техн. сб."
_tПрядение кардной шерсти
_v[Ч. 2
801 0 _aRU
_bNLR
_gpsbo
801 0 _aRU
_bRuMoRGB
_2psbo
801 1 _aRU
_bProSoft-M
_2rusmarc
852 _aNLR
_j18.156.2.34
852 _aNLR
_j2/1535
899 _aБАН
942 _cBOOK
980 _aNB